McDonalds nach Bild - Statistiken

Allgemein
  • Dieses Quiz wurde 1.068 mal gespielt
  • Das Durchschnittsergebnis liegt bei 8 aus 10
Antwortstatistiken
Bildquiz Antwort % Korrekt
BigMac
93%
McFlurry
90%
Happy Meal
88%
Cheeseburger
83%
McChicken Classic
80%
McRib
80%
McSundae
75%
Hamburger Royal TS
64%
Filet-o-Fish
59%
McPlant
39%
Keine übereinstimmenden Quizze gefunden
Verteilung der Resultate
Anzahl Personen mit jedem Resultat
Perzentil nach korrekt beantworteten Fragen
Ihre Resultats-Entwicklung
Sie haben dieses Quiz noch nicht gespielt